000 01060nam a2200289 i 4500
003 DO-SdBNP
005 20260205123257.0
007 ta
008 260205b19-- dr a|||| |||| 00| 0 spa d
040 _aDO-SdBNP
_bspa
_cBNPHU
_erda
041 _aspa
082 4 _axxx
_bxxx
_222
245 0 0 _aNotas biológicas sobre Erinnyis ello, (Lepidoptera, Sphingidae) en Yuca Manihot esculenta) en la República Dominicana /
_cF. Aguedelo Silva, F. Taveras, F. Díaz, R. Bodden, C. Peña
264 1 _aSanto Domingo :
_bSecretaría de Estado de Agricultura,
_c19--?.
300 _a27 páginas :
_bilustraciones ;
_c21 cm.
336 _atexto
_btxt
_2rdacontent
337 _asin mediación
_bn
_2rdamedia
338 _avolumen
_bnc
_2rdacarrier
590 _aInventariado, 2026/BT
700 1 _aAgudelo Silva, F.,
_eautor
_4aut.
_988962
700 1 _aTaveras, F.,
_eautor
_4aut.
_988963
700 1 _aDíaz, F.,
_eautor
_4aut.
_988964
700 1 _aBodden, R.,
_eautor
_4aut.
_988965
700 1 _aPeña, C.,
_eautor
_4aut.
_988966
910 _aBtavárez
942 _2ddc
_cLBS1
999 _c60239
_d60239